000 00343nam a2200109Ia 4500
008 220216s9999 xx 000 0 und d
100 _aSethuraj M R
245 0 _aMultiple band application of ethephon to increase the drainage area and yield
260 _bIRRDB Scientific Symposium, Indonesia, 1976
_c1976
700 _aGeorge M J
942 _cJS
999 _c63347
_d63347